[Event "Duras GM Teplarny"]
[Site "Brno CZE"]
[Date "2008.07.01"]
[Round "6"]
[White "Vyskocil,N"]
[Black "Polak,T"]
[Result "0-1"]
[WhiteElo "2313"]
[BlackElo "2553"]

1.e4 c5 2.Nf3 Nc6 3.Bb5 Qb6 4.Nc3 e6 5.O-O Nge7 6.Re1 g6 7.e5 Bg7 8.Bxc6 Nxc6
9.b3 O-O 10.Bb2 d6 11.Na4 Qd8 12.exd6 Qxd6 13.Bxg7 Kxg7 14.Nb2 f6 15.Nc4 Qc7
16.a4 e5 17.d3 Be6 18.h3 Rad8 19.Nfd2 Nb4 20.Ne3 Bd7 21.Qe2 Nc6 22.Nf3 Rfe8
23.Nc4 Nb4 24.Ne3 Bc6 25.Nh2 b6 26.f3 Bd7 27.Qf2 Nc6 28.Nc4 Nd4 29.Ng4 Bc8
30.Rac1 h5 31.Nge3 Ne6 32.Nf1 Nf4 33.Kh1 h4 34.Nfe3 g5 35.Rcd1 Qd7 36.Ng4 Qd4
37.Re4 Qxf2 38.Nxf2 Nd5 39.Ree1 Re7 40.Ne4 Kg6 41.Kg1 Re6 42.Nf2 Nb4 43.Rd2 Nc6
44.Ng4 Nd4 45.Kf2 Bb7 46.Rb1 Bc6 47.Re1 Be8 48.Rf1 a6 49.Ra1 b5 50.axb5 axb5
51.Nb2 Rdd6 52.Ne3 Ra6 53.Rdd1 Red6 54.Ke1 Bf7 55.Kd2 Rxa1 56.Rxa1 Bxb3 57.Ra7 Be6
58.Rb7 Ra6 59.Nbd1 b4 60.Rc7 Ra2 61.Kc1 Ra1+ 62.Kb2 Ra5 63.Nc4 Bxc4 64.dxc4 Ne6
65.Rc6 Nd4 66.Rb6 Ra3 67.Rd6 e4 68.fxe4 Rg3 69.e5 Kf5 70.exf6 Kg6 71.Nf2 Rxg2
72.Nd3 Rxc2+ 73.Kb1 Re2 74.Nxc5 Nf3 75.Rb6 g4 76.hxg4 h3 77.Nd3 h2 78.Nf4+ Kf7
79.Nxe2 h1=Q+ 80.Kc2 Qe1 81.Rb7+ Kxf6  0-1

[Event "Sparkassen Open"]
[Site "Dortmund GER"]
[Date "2008.07.01"]
[Round "3"]
[White "Voicu,C"]
[Black "Aulich,M"]
[Result "1/2-1/2"]
[WhiteElo "2290"]
[BlackElo "2019"]

1.e4 c5 2.Nf3 Nc6 3.Bb5 g6 4.Bxc6 dxc6 5.d3 Bg7 6.h3 Nh6 7.Nc3 b6 8.Be3 f6
9.O-O e5 10.Nd2 O-O 11.a4 a5 12.Nc4 Be6 13.b3 f5 14.Bxh6 Bxh6 15.exf5 gxf5
16.Qh5 Bg7 17.Rad1 Qc7 18.Nb1 Rad8  1/2-1/2

[Event "TCh-TUR"]
[Site "Kocaeli TUR"]
[Date "2008.07.01"]
[Round "13"]
[White "Odeev,H"]
[Black "Atakisi,U"]
[Result "1-0"]
[WhiteElo "2422"]
[BlackElo "2365"]

1.e4 c5 2.Nf3 Nc6 3.Bb5 d6 4.d4 cxd4 5.Qxd4 Bd7 6.Bxc6 Bxc6 7.Bg5 f5 8.exf5 Qa5+
9.Nbd2 Qxf5 10.O-O Nf6 11.Rfe1 Kf7 12.Qc4+ Bd5 13.Qb5 a6 14.Qa5 Rc8 15.c4 Rc5
16.Qb6 Rc6 17.Qb3 Bxf3 18.Nxf3 Rc7 19.Bxf6 gxf6 20.Nd4 Qg4 21.c5+ Kg6 22.Ne6 Rd7
23.Re3  1-0

[Event "TCh-TUR"]
[Site "Kocaeli TUR"]
[Date "2008.07.01"]
[Round "13"]
[White "Guseinov,G"]
[Black "Coban,Met"]
[Result "1/2-1/2"]
[WhiteElo "2625"]
[BlackElo "1864"]

1.e4 c5 2.Nf3 Nc6 3.Bb5 g6 4.Bxc6 dxc6 5.h3 Bg7 6.d3 Nf6 7.Nc3 Nd7 8.O-O e5
9.Be3 Qe7 10.Nd2 Nf8 11.Ne2 Ne6 12.c3 O-O 13.Qc2 b6 14.Nb3 Ba6 15.c4 Nd4
16.Nexd4 cxd4 17.Bd2 c5 18.f4 f5 19.exf5 Rxf5 20.Rae1 Qc7 21.fxe5 Rxf1+ 22.Rxf1 Rf8
23.Rxf8+ Kxf8 24.Bf4 Bxe5 25.Bxe5 Qxe5 26.Qf2+ Kg7 27.Nd2 Bb7 28.Nf3 Qf5
29.Ne1 Qxf2+ 30.Kxf2 Kf6 31.Kg3 Kf5 32.Nf3 g5 33.h4 h6 34.hxg5 hxg5 35.Ne1 a6
36.Nc2 b5 37.b3 bxc4 38.bxc4 Bc6 39.Ne1 Ba4 40.Nf3 Bc2 41.Ne1 Ba4 42.Nf3 Bc2
43.Ne1 Ke5  1/2-1/2

[Event "CSOB IM CUP"]
[Site "Mlada Boleslav CZE"]
[Date "2008.07.01"]
[Round "7"]
[White "Suran,J"]
[Black "Volodin,V"]
[Result "1-0"]
[WhiteElo "2383"]
[BlackElo "2229"]

1.e4 c5 2.Nf3 Nc6 3.Bb5 g6 4.O-O Bg7 5.c3 Nf6 6.Re1 O-O 7.e5 Nd5 8.d4 cxd4
9.cxd4 d6 10.Nc3 Nxc3 11.bxc3 Bg4 12.exd6 exd6 13.h3 Bxf3 14.Qxf3 Qc7 15.Bf4 a6
16.Ba4 b5 17.Bb3 Na5 18.Bd5 Rac8 19.Re3 b4 20.Rae1 bxc3 21.Re7 Qb6 22.Rxf7 Rxf7
23.Bg5 h6 24.Qxf7+ Kh7 25.Bf6 Qc7 26.Re7  1-0

[Event "XII Izmailov Mem"]
[Site "Tomsk RUS"]
[Date "2008.07.01"]
[Round "7"]
[White "Tilicheev,V"]
[Black "Shimelkov,V"]
[Result "1-0"]
[WhiteElo "2147"]
[BlackElo "2202"]

1.e4 c5 2.Nf3 Nc6 3.Bb5 e6 4.Bxc6 bxc6 5.d3 d6 6.O-O e5 7.h3 Be7 8.Be3 f5
9.exf5 Bxf5 10.Nc3 Nf6 11.Ne2 O-O 12.Ng3 Be6 13.c3 Nd5 14.d4 Nxe3 15.fxe3 Rb8
16.b3 Bg5 17.Qe2 Be7 18.dxe5 d5 19.Rad1 Qa5 20.Qc2 g6 21.e4 Rf4 22.Qd2 Rbf8
23.Nf5 R4xf5 24.exf5 Bxf5 25.c4 Qxd2 26.Nxd2 d4 27.g4 Bc2 28.Rxf8+ Bxf8 29.Re1 Bh6
30.Ne4 Be3+ 31.Rxe3 dxe3 32.Nxc5 g5 33.a4 Kf7 34.a5 Bd1 35.Kf1 Bf3 36.b4 e2+
37.Ke1 Bg2 38.b5 cxb5 39.cxb5 Bxh3 40.b6 axb6 41.axb6 Bg2 42.Kxe2 Kg6 43.b7  1-0

[Event "Sparkassen Open"]
[Site "Dortmund GER"]
[Date "2008.07.02"]
[Round "4"]
[White "Rueberg,J"]
[Black "Goldenstein,A"]
[Result "1-0"]
[WhiteElo "2244"]
[BlackElo "2012"]

1.e4 c5 2.Nf3 Nc6 3.Bb5 e6 4.O-O a6 5.Bxc6 bxc6 6.c4 d6 7.Nc3 e5 8.d3 f6
9.Ne1 Qd7 10.f4 g6 11.Nf3 Nh6 12.h3 exf4 13.Bxf4 g5 14.Be3 g4 15.Nh2 gxh3
16.Bxh6 hxg2 17.Rxf6 Qh3 18.Rxf8+ Rxf8 19.Bxf8 Qe3+ 20.Kxg2 Bh3+ 21.Kh1 O-O-O
22.Qf3 Qxf3+ 23.Nxf3 Rxf8 24.Ng1 Bf1 25.Nge2 Rf2 26.Kg1 Rxe2 27.Nxe2 Bxe2
28.b3 Kc7 29.Kf2 Bh5 30.Ke3 Kd7 31.Kf4 Ke6 32.Rh1 Bg6 33.Rd1 Bh5 34.Rd2 Bg6
35.d4 cxd4 36.Rxd4 Bh5 37.Ke3 c5 38.Rd5 Bg4 39.Rg5 h5 40.Kf4 a5 41.Rg6+ Kd7
42.e5 dxe5+ 43.Kxe5 Bf3 44.Ra6 h4 45.Kf4 Bb7 46.Rxa5 h3 47.Kg3 Bc8 48.Rxc5  1-0

[Event "Sparkassen Open"]
[Site "Dortmund GER"]
[Date "2008.07.02"]
[Round "4"]
[White "Rehberg,R"]
[Black "Lang,D"]
[Result "1-0"]
[WhiteElo "2221"]
[BlackElo "2051"]

1.e4 c5 2.Nf3 Nc6 3.Bb5 d6 4.Bxc6+ bxc6 5.O-O e5 6.h3 Nf6 7.Re1 Be7 8.c3 O-O
9.d4 cxd4 10.cxd4 exd4 11.Nxd4 Qb6 12.Nc3 Re8 13.Na4 Qa6 14.Bf4 Bd7 15.Nc3 Rad8
16.Qf3 c5 17.Nde2 Bc6 18.Ng3 Bf8 19.Bg5 Re6 20.Nf5 Qb7 21.Nh6+ Kh8 22.Nd5 Bxd5
23.exd5 Rxe1+ 24.Rxe1 Re8 25.Rxe8 Nxe8 26.Nxf7+ Kg8 27.Nd8 Qd7 28.Nc6 h6
29.Bd8 a6 30.Qe2 Qf7 31.Qe6 g6 32.Nb8 Bg7 33.b3 Bd4 34.Qxf7+ Kxf7 35.Nxa6 Nf6
36.Bxf6 Kxf6 37.Nb8 Ke5 38.a4 Kxd5 39.a5 c4 40.bxc4+ Kxc4 41.Nc6 Bc5 42.a6 d5
43.a7 Bxa7 44.Nxa7 d4 45.Kf1 Kb3 46.Ke1  1-0

[Event "XII Izmailov Mem"]
[Site "Tomsk RUS"]
[Date "2008.07.02"]
[Round "8"]
[White "Simonov,S"]
[Black "Usatov,V"]
[Result "1-0"]
[WhiteElo "2317"]
[BlackElo "2158"]

1.e4 c5 2.Nf3 Nc6 3.Bb5 d6 4.Bxc6+ bxc6 5.O-O e5 6.c3 Nf6 7.Re1 Be7 8.d3 O-O
9.Nbd2 Be6 10.Qe2 Nd7 11.Nc4 Qc7 12.Bg5 Nb6 13.Bxe7 Qxe7 14.Na5 Qc7 15.Rac1 Nd7
16.b4 Rab8 17.a3 f6 18.d4 Rfe8 19.Red1 d5 20.dxe5 dxe4 21.Qxe4 Bd5 22.Rxd5 cxd5
23.Qxd5+ Kh8 24.exf6 Nxf6 25.Qc6 Qxc6 26.Nxc6 Rb6 27.Nce5 Ra6 28.Nc4 cxb4
29.axb4 Rc8 30.Nfe5 Nd5 31.g3 h6 32.h4 Kh7 33.Rc2 Re6 34.f4 h5 35.Kf2 Nb6
36.Ne3 Rd6 37.c4 Rd4 38.Ke2 g6 39.Nf3 Rd7 40.Ne5 Rd4 41.Ra2 Rc7 42.Ra6 Rg7
43.b5 Rc7 44.Nc6 Rdd7 45.Kf3 Rb7 46.Ke4 Rbc7 47.c5  1-0

[Event "Sparkassen Open"]
[Site "Dortmund GER"]
[Date "2008.07.03"]
[Round "6"]
[White "Kroencke,M"]
[Black "Goldenstein,A"]
[Result "0-1"]
[WhiteElo "2174"]
[BlackElo "2012"]

1.e4 c5 2.Nf3 Nc6 3.Bb5 e6 4.O-O Nge7 5.c3 Qb6 6.Na3 Ng6 7.d4 cxd4 8.Bxc6 bxc6
9.cxd4 Ba6 10.Re1 Be7 11.Qa4 O-O 12.Nc4 Bxc4 13.Qxc4 d5 14.Qc2 Rac8 15.Qe2 Rc7
16.g3 Rfc8 17.h4 c5 18.h5 Nf8 19.exd5 cxd4 20.Qd3 Qa5 21.Bf4 Rd7 22.h6 Rxd5
23.hxg7 Ng6 24.Bd2 Qd8 25.Rad1 Qd7 26.Nh2 e5 27.f4 exf4 28.Bxf4 Nxf4 29.gxf4 Rc6
30.Re2 Rg6+ 31.Rg2 Qf5 32.Qf3 Rxg2+ 33.Qxg2 Rd6  0-1

[Event "Sparkassen Open"]
[Site "Dortmund GER"]
[Date "2008.07.03"]
[Round "6"]
[White "Webb,L"]
[Black "Aulich,M"]
[Result "1-0"]
[WhiteElo "2309"]
[BlackElo "2019"]

1.e4 c5 2.Nf3 Nc6 3.Bb5 g6 4.O-O Bg7 5.Re1 Nf6 6.Nc3 a6 7.Bxc6 dxc6 8.d3 Bg4
9.h3 Bxf3 10.Qxf3 O-O 11.a4 a5 12.Nd1 Nd7 13.Ne3 Qc7 14.Nc4 b5 15.Ne3 b4
16.Rb1 b3 17.Qd1 Rfd8 18.Nc4 bxc2 19.Qxc2 Nb6 20.Be3 Bd4 21.b3 e5 22.Rec1 Nd7
23.Nd2 Rdb8 24.Bxd4 exd4 25.Rf1 Qf4 26.g3 Qh6 27.Kg2 Rb4 28.f4 f6 29.Nc4 Qg7
30.Rfe1 Qf7 31.Kh2 Qe6 32.Rf1 Qe7 33.Rbe1 Nb6 34.Nd2 Rb8 35.h4 h6 36.Qd1 Kg7
37.Qg4 Nd7 38.h5 g5 39.e5 fxe5 40.fxg5 hxg5 41.Rf5 Kh6 42.Ref1 Rf8 43.Rxf8 Nxf8
44.Qc8 Nh7 45.Qxc6+ Kxh5 46.g4+  1-0

[Event "Sparkassen Open"]
[Site "Dortmund GER"]
[Date "2008.07.03"]
[Round "6"]
[White "Voicu,C"]
[Black "Smolka,A"]
[Result "1-0"]
[WhiteElo "2290"]
[BlackElo "2102"]

1.e4 c5 2.Nf3 Nc6 3.Bb5 Nf6 4.Bxc6 dxc6 5.d3 g6 6.h3 Bg7 7.Nc3 Nd7 8.Be3 e5
9.Qd2 h6 10.O-O Qe7 11.Ne2 b6 12.Ng3 Nf8 13.a3 Ne6 14.b4 Nd4 15.Nh2 Be6 16.Rab1 Rd8
17.bxc5 bxc5 18.f4 exf4 19.Bxf4 c4 20.e5 cxd3 21.cxd3 Nb3 22.Qe2 O-O 23.Ne4 Bd5
24.Rxb3 Bxb3 25.Ng4 Be6 26.Nxh6+ Kh8 27.Bg5 Qc7 28.Qe1 Bd5 29.Qh4 f5  1-0

[Event "Ladoga Summer"]
[Site "Novaya Ladoga RUS"]
[Date "2008.07.04"]
[Round "4"]
[White "Gusev,Vl1"]
[Black "Abramov,Valen"]
[Result "1/2-1/2"]
[WhiteElo "2391"]
[BlackElo "2339"]

1.e4 c5 2.Nf3 Nc6 3.Bb5 g6 4.O-O Nf6 5.Re1 Bg7 6.Nc3 O-O 7.h3 Ne8 8.d3 Nc7
9.Bc4 Na5 10.Bg5 Nxc4 11.dxc4 Ne6 12.Bh4 Bxc3 13.bxc3 b6 14.Qd2 Bb7 15.Ne5 d6
16.Ng4 f6 17.f4 Ng7 18.Rad1 Kh8 19.e5 dxe5 20.fxe5 Qxd2 21.Rxd2 g5 22.exf6 exf6
23.Bg3 Nf5 24.Bh2 Kg7 25.Ne3 Nxe3 26.Rxe3 Rf7 27.Rd6 Ba6 28.Re4 f5 29.Re3 Bxc4
30.Be5+ Kf8 31.Bf6 h6 32.a4 Kg8 33.Re5 f4 34.h4 g4 35.Rf5 Re8 36.Rxf4 Be6
37.h5 Rd7 38.Rd3 Rxd3 39.cxd3 Bd7 40.d4 g3 41.Be5 cxd4 42.cxd4 Rc8 43.Kf1 Rf8
44.Rxf8+ Kxf8 45.a5 bxa5 46.Bf4 Kg7 47.Bxg3  1/2-1/2

[Event "XVII Burgas Open"]
[Site "Ourense ESP"]
[Date "2008.07.04"]
[Round "2"]
[White "Almagro Llamas,P"]
[Black "Vidal del Rio,D"]
[Result "1-0"]
[WhiteElo "2492"]
[BlackElo "2146"]

1.e4 c5 2.Nf3 Nc6 3.Bb5 g6 4.Bxc6 bxc6 5.O-O Bg7 6.Re1 Nf6 7.Nc3 O-O 8.e5 Nd5
9.Ne4 c4 10.b3 Nb6 11.d4 cxd3 12.Qxd3 d5 13.Nc5 Bf5 14.Qc3 Nd7 15.Nd4 Nxc5
16.Qxc5 Bd7 17.Ba3 Re8 18.Rad1 Qb6 19.h3 Qxc5 20.Bxc5 e6 21.Rd3 a5 22.Rc3 a4
23.b4 Rec8 24.Bd6 Bf8 25.Bxf8 Kxf8 26.a3 Ke7 27.Ree3 c5 28.bxc5 Bc6 29.Rf3 Rab8
30.Rf4 Rb1+ 31.Kh2 Be8 32.Rh4 h5 33.Rf4 Rc7 34.Kg3 Bb5 35.Kh4 Bc4 36.Rcf3 Ke8
37.c6 Re1 38.Nxe6 Rxc6 39.Ng7+ Kd8 40.Rxf7 Rxe5 41.Ra7 Rc7 42.Rf8+ Ke7 43.Re8+  1-0

[Event "ChInt Open"]
[Site "Paris FRA"]
[Date "2008.07.04"]
[Round "7"]
[White "Quezada Perez,Y"]
[Black "Shirazi,K"]
[Result "1-0"]
[WhiteElo "2567"]
[BlackElo "2448"]

1.e4 c5 2.Nf3 Nc6 3.Bb5 e5 4.O-O Nge7 5.c3 a6 6.Bc4 b5 7.Bd5 d6 8.d4 Nxd5
9.exd5 Ne7 10.dxe5 dxe5 11.c4 Ng6 12.Nxe5 Nxe5 13.Re1 Be7 14.Rxe5 O-O 15.Re1 bxc4
16.Bf4 Bf6 17.Be5 Bxe5 18.Rxe5 Qf6 19.Qe1 Rb8 20.Nd2 Rxb2 21.Nxc4 Rc2 22.Rc1 Rxa2
23.h3 Bd7 24.Rc3 Bb5 25.Rf3 Qd8 26.Ne3 f6 27.Re6 Qa5 28.Qxa5 Rxa5 29.Rg3 f5
30.Rg5 g6 31.h4 Re8 32.Nxf5 c4 33.Nd4 c3 34.Kh2 Ra4 35.Rxe8+ Bxe8 36.Re5 Kf7
37.Ne2 Rxh4+ 38.Kg3 Rc4 39.d6 c2 40.Re7+ Kf6 41.Rxe8 Rd4 42.Rc8 Rxd6 43.Rxc2 h5
44.Rc5 Kg7 45.f3 Kh6 46.Nc3 Rf6 47.Ne4 Rf5 48.Rc7 Ra5 49.Kf4 Rf5+ 50.Ke3 Ra5
51.Kf4 Rf5+ 52.Kg3 Ra5 53.f4 Ra3+ 54.Kh4 Ra4 55.g4 g5+ 56.Nxg5 Rxf4 57.Rc6+  1-0

[Event "XIX ch-Panam U18"]
[Site "Villa Carlos Paz ARG"]
[Date "2008.07.04"]
[Round "7"]
[White "Pizzocaro Gomez,Gu"]
[Black "Fernandez,Fe"]
[Result "1/2-1/2"]
[WhiteElo "2075"]
[BlackElo "2231"]

1.e4 c5 2.Nf3 Nc6 3.Bb5 g6 4.Bxc6 bxc6 5.d3 Bg7 6.c3 d6 7.O-O e5 8.Na3 Ne7
9.d4 exd4 10.cxd4 cxd4 11.Nxd4 O-O 12.Bg5 Qd7 13.Re1 c5 14.Ndb5 Nc6 15.Rb1 Nd4
16.Nxd4 Bxd4 17.Nc2 Bg7 18.Ne3 Rb8 19.b3 Qe6 20.Qd5 Re8 21.Qxe6 Rxe6 22.Nc4 Bb7
23.Rbd1 Bd4 24.Be3 Bxe3 25.Rxe3 Rxe4 26.Rxe4 Bxe4 27.Rxd6 Bb1 28.Ra6 Re8
29.f3 Re2 30.Rxa7 Bxa2 31.Na5 Rc2 32.h4 Kg7 33.Rc7 Rc3 34.Nb7 Rxb3 35.Nxc5 Rb4
36.Ne4 Bd5 37.Nc3 Be6 38.Ne4 Rb2 39.Ng5 Ba2 40.Ne4  1/2-1/2

[Event "FSIM July"]
[Site "Budapest HUN"]
[Date "2008.07.06"]
[Round "2"]
[White "Magyar,O"]
[Black "Qu Yanqiao"]
[Result "1-0"]
[WhiteElo "2293"]
[BlackElo "2007"]

1.e4 c5 2.Nf3 Nc6 3.Bb5 g6 4.O-O Bg7 5.Re1 e5 6.Na3 Nge7 7.Nc4 d6 8.c3 a6
9.Bxc6+ Nxc6 10.a4 Be6 11.d3 h6 12.Bd2 O-O 13.b4 Qc7 14.Ne3 Ne7 15.c4 f5
16.Nd5 Bxd5 17.cxd5 b6 18.a5 cxb4 19.Bxb4 b5 20.Rc1 Qd7 21.Qb3 Kh7 22.Qa3 Rfd8
23.Rc3 Rac8 24.Rec1 fxe4 25.dxe4 Bf8 26.Rxc8 Nxc8 27.Nxe5 Qe8 28.Nc6 Rd7
29.e5 Rf7 30.e6 Rf5 31.Qd3 Ne7 32.Nxe7 Qxe7 33.g3 Qf6 34.Rc7+ Kg8 35.Bc3 Qd8
36.Qd4 Re5 37.Qa7 Qf6 38.Rf7 Qg5 39.Rxf8+ Kxf8 40.Qf7+  1-0

[Event "ch-BEL"]
[Site "Eupen BEL"]
[Date "2008.07.06"]
[Round "2"]
[White "Cools,G"]
[Black "Denayer,E"]
[Result "0-1"]
[WhiteElo "2327"]
[BlackElo "2265"]

1.e4 c5 2.Nf3 Nc6 3.Bb5 g6 4.O-O Bg7 5.Re1 e5 6.Bxc6 dxc6 7.d3 Ne7 8.Be3 b6
9.Nbd2 O-O 10.Nc4 f6 11.a4 Be6 12.a5 Qc7 13.Qe2 Rfb8 14.Ra3 Nc8 15.b3 Bf8
16.Ra2 Nd6 17.Rea1 Nxc4 18.dxc4 b5 19.Nd2 a6 20.f3 Qf7 21.Rd1 Rd8 22.Raa1 Rd7
23.Nf1 Rxd1 24.Rxd1 bxc4 25.bxc4 Bxc4 26.Qf2 Qc7 27.Ra1 Qd6 28.Nd2 Bf7 29.Qe2 c4
30.Nxc4 Qb4 31.Nb6 Rd8 32.Qe1 Qxe1+ 33.Rxe1 Bb4 34.Ra1 Bc3 35.Ra3 Bb4 36.Ra4 c5
37.Kf2 f5 38.g3 fxe4 39.fxe4 Be6 40.Kg2 Rd1 41.c4 Rd3 42.Bf2 Rc3 43.Nd5 Rxc4
44.Nc7 Bc8 45.Ra1 Bb7 46.Rd1 Bxe4+ 47.Kh3 Bf5+ 48.Kg2 Bxa5 49.Nxa6 Rc2 50.Kg1 c4
51.Nc5 Bb6 52.Ne4 Bxf2+ 53.Nxf2 c3 54.g4 Be6 55.Rd6 Rc1+ 56.Kg2 c2 57.Rxe6 Rd1
58.Rc6 c1=Q 59.Rxc1 Rxc1 60.Kf3 Rf1 61.Ke2 Rxf2+ 62.Kxf2 Kf7 63.Ke3 Ke6 64.Ke4 g5
65.h3 h6  0-1

[Event "World Open"]
[Site "Philadelphia USA"]
[Date "2008.07.06"]
[Round "9"]
[White "Ivanov,AV USA"]
[Black "Moiseenko,A1"]
[Result "0-1"]
[WhiteElo "2567"]
[BlackElo "2632"]

1.e4 c5 2.Nf3 Nc6 3.Bb5 e6 4.c3 Nf6 5.e5 Nd5 6.O-O d6 7.d4 cxd4 8.cxd4 Be7
9.Qe2 O-O 10.Rd1 Bd7 11.Bd3 Ndb4 12.Nc3 Nxd3 13.Qxd3 d5 14.Bf4 Rc8 15.Rac1 Na5
16.b3 Nc6 17.Ne2 Nb4 18.Qd2 Bb5 19.Rxc8 Qxc8 20.Nc3 Ba6 21.Bg5 Bxg5 22.Nxg5 Qc6
23.Nce4 dxe4 24.Qxb4 h6 25.Nh3 Qc2 26.Qe1 Qxa2 27.Qxe4 Qxb3 28.Rc1 Qb2 29.Rb1 Rc8
30.f3 Rc1+ 31.Rxc1 Qxc1+ 32.Kf2 Qd2+ 33.Kg3 Bf1 34.Nf2 Qg5+ 35.Ng4 h5 36.Qxb7 Bc4
37.d5 hxg4 38.f4 Qf5 39.d6 g5 40.Qb8+ Kg7  0-1

[Event "Superfinal Chelyabinsk Oblast"]
[Site "Satka RUS"]
[Date "2008.07.06"]
[Round "1"]
[White "Ponkratov,P"]
[Black "Matsenko,S"]
[Result "1/2-1/2"]
[WhiteElo "2530"]
[BlackElo "2440"]

1.e4 c5 2.Nf3 Nc6 3.Bb5 e6 4.Bxc6 bxc6 5.O-O Ne7 6.b3 Ng6 7.Ba3 Be7 8.d4 cxd4
9.Qxd4 d6 10.Nc3 O-O 11.Rad1 e5 12.Qd2 Bg4 13.Bxd6 Bxf3 14.Bxe7 Qxe7 15.gxf3 Nh4
16.Kh1 Nxf3 17.Qe3 Nd4 18.Rd2 f5 19.exf5 Nxf5 20.Qe4 Qf6 21.Rg1 Nd4 22.Rg3 Qh6
23.Qd3 Nf3 24.Rxf3 Rxf3 25.Qxf3 Qxd2 26.Qxc6 Rf8 27.Ne4 Qd1+ 28.Kg2 Qf3+
29.Kg1 Rd8 30.Qc4+ Kh8 31.Nd2 Qf5 32.Nf1 Rc8 33.Qa4 Qg6+ 34.Ng3 h5 35.h4 Rxc2
36.Qxa7 Kh7 37.a4 Rb2 38.Qe3 Qb1+ 39.Kg2 Rxb3 40.Qxe5 Qg6 41.Qxh5+ Qxh5 42.Nxh5 Ra3
43.Nf4 Kg8 44.f3 Kf7 45.Kg3 Rxa4 46.Ng2 Kf6 47.Nf4 Kf5 48.Nh3 Ra1 49.Nf4 Rg1+
50.Kf2 Rh1 51.Kg3 Ke5 52.Kg2 Ra1 53.Kg3 Ra3 54.Nh5 Ra7 55.Nf4 Rf7 56.Nh3 Rf5
57.Kg4 g6 58.Kg3 Kd4 59.Nf4 Rf6 60.Kg4 Ke5 61.Nd3+ Kd4 62.Nf4  1/2-1/2

[Event "ch-NOR Elite"]
[Site "Tonsberg NOR"]
[Date "2008.07.06"]
[Round "2"]
[White "Hammer,J"]
[Black "Breivik,L"]
[Result "1-0"]
[WhiteElo "2457"]
[BlackElo "2265"]

1.e4 c5 2.Nf3 Nc6 3.Bb5 g6 4.Bxc6 dxc6 5.d3 Bg7 6.h3 Nf6 7.Nc3 Nd7 8.Be3 e5
9.Qd2 Qe7 10.Bh6 f6 11.Bxg7 Qxg7 12.Qe3 Qe7 13.Nd2 Nf8 14.f4 exf4 15.Qxf4 Ne6
16.Qf2 Bd7 17.O-O O-O 18.Nf3 Rad8 19.Qg3 Bc8 20.Rf2 Qc7 21.e5 c4 22.dxc4 fxe5
23.Re1 Nd4 24.Nxd4 Rxf2 25.Kxf2 Rxd4 26.Rxe5 Qf7+ 27.Kg1 Bf5 28.Qe3 Rd7 29.Qe2 Qf6
30.g4 Bxc2 31.Re8+ Kf7 32.Re3  1-0

[Event "ch-BEL"]
[Site "Eupen BEL"]
[Date "2008.07.07"]
[Round "3"]
[White "Buhr,CC"]
[Black "Leenaerts,R"]
[Result "0-1"]
[WhiteElo "2344"]
[BlackElo "2161"]

1.e4 c5 2.Nf3 Nc6 3.Bb5 d6 4.O-O Bd7 5.c3 a6 6.Ba4 Nf6 7.Re1 c4 8.Bc2 Bg4
9.d4 cxd3 10.Qxd3 e6 11.Nd4 Qc7 12.Na3 Nxd4 13.Qxd4 Rc8 14.Bg5 e5 15.Qd2 Nd7
16.Bb3 Be6 17.Bd5 h6 18.Be3 Nf6 19.c4 Bxd5 20.exd5 Be7 21.f3 O-O 22.Rac1 Nd7
23.Red1 b6 24.b3 Qd8 25.Nc2 a5 26.Na3 Bg5 27.f4 exf4 28.Bxf4 Ne5 29.Nb5 Qf6
30.Rf1 Qg6 31.Rc3 f5 32.Rg3 Bxf4 33.Rxf4 Qf6 34.Nd4 g5 35.h4 g4 36.Nxf5 Kh7
37.Rf2 h5 38.Qc2 Kh8 39.Re3 Rce8 40.Qb2 Kh7 41.Qc2 Qg6 42.Rg3 Rf6 43.Nd4 Qxc2
44.Nxc2 Rxf2 45.Kxf2 Rf8+ 46.Ke2 Ng6 47.Re3 Nf4+ 48.Kd1 Nxg2 49.Re6 Nxh4
50.Rxd6 g3 51.Ne1 g2 52.Nxg2 Nxg2 53.Rxb6 h4 54.Rb7+ Kg6 55.Re7 h3 56.Re2 Kg5
57.d6 Rd8 58.c5 Kf4 59.Rf2+ Kg3 60.Rf7 h2 61.Rg7+ Kh3  0-1

[Event "Superfinal Chelyabinsk Oblast"]
[Site "Satka RUS"]
[Date "2008.07.07"]
[Round "2"]
[White "Looshnikov,N"]
[Black "Sveshnikov,E"]
[Result "1-0"]
[WhiteElo "2462"]
[BlackElo "2510"]

1.e4 c5 2.Nf3 Nc6 3.Bb5 e6 4.O-O Nge7 5.c3 a6 6.Ba4 b5 7.Bc2 Bb7 8.a4 b4
9.d4 cxd4 10.cxd4 d5 11.e5 Ng6 12.Re1 Be7 13.Nbd2 Na5 14.g3 Rc8 15.h4 h6
16.Bd3 Qb6 17.b3 Rc3 18.Re3 Kd7 19.Bb2 Rhc8 20.Bxc3 bxc3 21.Nf1 Qxb3 22.Bc2 Qb6
23.h5 Nf8 24.Rb1 Qc7 25.Ne1 Ke8 26.Qg4 g5 27.hxg6 fxg6 28.Bxg6+ Nxg6 29.Qxg6+ Kd7
30.Rc1 Nb3 31.Rcxc3 Qxc3 32.Rxc3 Rxc3 33.Nc2 Bc6 34.Nfe3 Bxa4 35.f4 Nd2 36.f5 Nf3+
37.Kg2 Ng5 38.f6 Bf8 39.Kf2 a5 40.Ne1 Bb4 41.Qxh6 Ne4+ 42.Kg2 Bb3 43.f7 a4
44.Nf5 exf5 45.e6+ Kc7 46.f8=Q Bxf8 47.Qxf8 Rxg3+ 48.Kh2 Re3 49.Ng2 Re2 50.Qe7+ Kb6
51.Qd8+ Kb5 52.Qd7+ Ka5 53.e7 Nf6 54.Qa7+ Kb5 55.Qc5+ Ka6 56.Qc6+ Ka5 57.Qxf6 a3
58.Qd6 Ka4 59.Qc6+ Kb4 60.e8=Q Rxe8 61.Qxe8 Kc3 62.Qe3+ Kb2 63.Qd2+ Kb1 64.Qc3 Ka2
65.Ne1 f4 66.Nd3 Bc4 67.Nb4+ Kb1 68.Qc2+  1-0

[Event "ch-BEL"]
[Site "Eupen BEL"]
[Date "2008.07.08"]
[Round "4"]
[White "Vandenbussche,T"]
[Black "Tonoli,B"]
[Result "1-0"]
[WhiteElo "2263"]
[BlackElo "2175"]

1.e4 c5 2.Nf3 Nc6 3.Bb5 g6 4.Bxc6 dxc6 5.d3 Bg7 6.h3 Nh6 7.Nc3 f6 8.Be3 b6
9.a4 e5 10.a5 Be6 11.O-O Nf7 12.Qd2 f5 13.Ng5 Nxg5 14.Bxg5 Qb8 15.exf5 gxf5
16.Bh6 O-O 17.Qg5 Rf7 18.axb6 Qxb6 19.Na4 Qb4 20.c3 Qa5 21.Rfe1 c4 22.d4 e4
23.Nc5  1-0

[Event "XVII Burgas Open"]
[Site "Ourense ESP"]
[Date "2008.07.08"]
[Round "6"]
[White "Lozoya Rodriguez,A"]
[Black "Rivas Vila,D"]
[Result "1-0"]
[WhiteElo "2171"]
[BlackElo "2260"]

1.e4 c5 2.Nf3 Nc6 3.Bb5 g6 4.Bxc6 dxc6 5.d3 Bg7 6.Nc3 Bg4 7.h3 Bxf3 8.Qxf3 Nf6
9.Be3 Nd7 10.O-O e5 11.Qg3 Qe7 12.f4 exf4 13.Bxf4 Bd4+ 14.Kh1 O-O-O 15.Rab1 h6
16.a3 g5 17.Be3 Be5 18.Qf2 f6 19.Na4 Bd6 20.b4 Qe5 21.Qg1 cxb4 22.axb4 b5
23.Nc5 Nxc5 24.Bd4 Qe7 25.Bxf6 Nxe4 26.dxe4 Qc7 27.Bxh8 Rxh8 28.Qd4 Be5 29.Qc5 Re8
30.Rf8 Rxf8 31.Qxf8+ Kb7 32.Rd1 h5 33.Qe8 Kb6 34.Rd7 Qb8 35.Qe7 Bc7 36.e5 g4
37.e6 gxh3 38.gxh3 Qc8 39.Qc5+ Kb7 40.Qd6 Kb6 41.Qd4+ Kb7 42.e7 Ka6 43.Qa1+ Kb6
44.Qa5+ Kb7 45.Rxc7+  1-0

[Event "Superfinal Chelyabinsk Oblast"]
[Site "Satka RUS"]
[Date "2008.07.08"]
[Round "3"]
[White "Sveshnikov,E"]
[Black "Matsenko,S"]
[Result "0-1"]
[WhiteElo "2510"]
[BlackElo "2440"]

1.e4 c5 2.Nf3 Nc6 3.Bb5 e6 4.Bxc6 bxc6 5.d3 Ne7 6.Qe2 Qc7 7.h4 Ng6 8.h5 Nf4
9.Qd2 e5 10.Qc3 Nxg2+ 11.Kf1 Nf4 12.Bxf4 exf4 13.h6 Rg8 14.e5 Ba6 15.Nbd2 O-O-O
16.hxg7 Rxg7 17.Ne4 Qb6 18.a3 c4 19.dxc4 c5 20.Rd1 Qe6 21.Nd6+ Bxd6 22.Rxd6 Qxc4+
23.Qxc4 Bxc4+ 24.Ke1 Rg6 25.Rxh7 Rxd6 26.exd6 Re8+ 27.Kd2 Re2+ 28.Kc3 Bd5
29.Nd2 Kb7 30.Kd3 Rxf2 31.c4 Be6 32.Rh5 f5 33.b4 Rg2 34.bxc5 Kc6 35.Nb3 Rg3+
36.Kc2 f3 37.Rh4 Rg4 38.Nd4+ Kxc5 39.Nxe6+ Kxd6 40.Nd4 Rxh4 41.Nxf5+ Ke6
42.Nxh4 f2  0-1

[Event "ch-BEL"]
[Site "Eupen BEL"]
[Date "2008.07.09"]
[Round "5"]
[White "Ahn,M"]
[Black "Tonoli,B"]
[Result "1-0"]
[WhiteElo "2316"]
[BlackElo "2175"]

1.e4 c5 2.Nf3 Nc6 3.Bb5 g6 4.O-O Bg7 5.Re1 Nf6 6.e5 Nd5 7.Nc3 Nc7 8.Bxc6 dxc6
9.Ne4 Ne6 10.d3 O-O 11.Be3 b6 12.Qd2 f6 13.Bh6 Qc7 14.Bxg7 Kxg7 15.Re2 h6
16.exf6+ exf6 17.Ng3 Bd7 18.Rae1 Rae8 19.Nh4 Qf4 20.Nhf5+ Kh7 21.Qxf4 Nxf4
22.Re7+ Kh8 23.Nd6 Rxe7 24.Rxe7 Be6 25.Rxa7 Nd5 26.a3 Kg8 27.Ne2 Rd8 28.Nc4 Rd7
29.Rxd7 Bxd7 30.Ne3 Kf7 31.Kf1 g5 32.Ke1 h5 33.Kd2 Ke6 34.g3 Ke5 35.Nc3 Nxc3
36.Kxc3 b5 37.Kd2 f5 38.Ke2 f4 39.Nf1 Kf5 40.f3 Be6 41.Nd2 fxg3 42.hxg3 h4
43.Kf2 c4 44.dxc4 bxc4 45.c3 h3 46.Nf1 Ke5 47.Ne3 Kd6 48.Kg1 Kc5 49.f4 gxf4
50.gxf4 Kb5 51.f5 Bc8 52.f6 Be6 53.Nf5 Ka4 54.Nd4 Bd5 55.Nxc6 Kb3 56.a4 Kxa4
57.Nd4 Ka5 58.Kh2 Kb6 59.Kxh3 Kc5  1-0

[Event "Superfinal Chelyabinsk Oblast"]
[Site "Satka RUS"]
[Date "2008.07.09"]
[Round "4"]
[White "Kurnosov,I"]
[Black "Sveshnikov,E"]
[Result "0-1"]
[WhiteElo "2617"]
[BlackElo "2510"]

1.e4 c5 2.Nf3 Nc6 3.Bb5 e6 4.O-O Nge7 5.c3 a6 6.Ba4 b5 7.Bc2 Bb7 8.a4 b4
9.d4 bxc3 10.Nxc3 cxd4 11.Nxd4 Nxd4 12.Qxd4 Nc6 13.Qe3 Be7 14.Rd1 Qc7 15.Qh3 O-O
16.Nd5 exd5 17.exd5 g6 18.dxc6 Qxc6 19.Bb3 Rab8 20.Bh6 Rfd8 21.Bf4 d6 22.Rd3 Qe4
23.Bd2 Qh4 24.Qxh4 Bxh4 25.Ba5 Rd7 26.Re1 Bf6 27.Bc3 Bxc3 28.Rxc3 d5 29.Rd3 Bc6
30.Rc1 Rd6 31.Rc5 d4 32.Rc4 Bd5 33.Rcxd4 Re6 34.f3 Bxb3 35.Kf2 Kg7 36.Rc3 Rb7
37.g4 Reb6 38.Rc8 Be6 39.Ra8 Rb8 40.Rxb8 Rxb8 41.b4 Bb3 42.a5 Ba4 43.h4 h6
44.g5 Rc8 45.Ke3 Bb5 46.Kf4 Rc3 47.Kg3 Rc4 48.Rxc4 Bxc4 49.f4 f6 50.Kf3 hxg5
51.hxg5 fxg5 52.fxg5 Kf7  0-1

[Event "ch-NOR Elite"]
[Site "Tonsberg NOR"]
[Date "2008.07.09"]
[Round "5"]
[White "Hammer,J"]
[Black "Lie,K"]
[Result "1-0"]
[WhiteElo "2457"]
[BlackElo "2558"]

1.e4 c5 2.Nf3 Nc6 3.Bb5 d6 4.O-O Bd7 5.c3 a6 6.Bxc6 Bxc6 7.Re1 Nf6 8.d4 Bxe4
9.Bg5 Bd5 10.Nbd2 e6 11.c4 Bxf3 12.Qxf3 cxd4 13.Bxf6 gxf6 14.Qxb7 Bg7 15.Qc6+ Ke7
16.Nf3 f5 17.Rad1 Qd7 18.Qd5 Rac8 19.Nxd4 Bxd4 20.Qxd4 Rhg8 21.Qf4 Rg4 22.Qxf5 Rcxc4
23.Qxh7 Qc6 24.g3 Rg6 25.Re2 Qf3 26.Rde1 Rf6 27.Qh3 d5 28.Qg2 Qd3 29.Qf1 Qd4
30.Rc1 Rf3 31.Rec2 Rd3 32.Qe2 a5 33.Kg2 e5 34.h4 e4 35.Qg4 Rf3 36.b3 Rcc3
37.h5 Rxf2+ 38.Rxf2 Rxc1  1-0